Annotacoes theorico-praticas ao Codigo Penal do Brazil
Na minha lista:
| Autor principal: | |
|---|---|
| Formato: | Livro |
| Idioma: | português |
| Publicado em: |
Río de Janeiro
Papelaria Uniao
1904
|
| Assuntos: | |
| Tags: |
Adicionar Tag
Sem tags, seja o primeiro a adicionar uma tag!
|
MARC
| LEADER | 00000nam a2200000 a 4500 | ||
|---|---|---|---|
| 001 | UCS0471 | ||
| 003 | CL-VaPUC | ||
| 008 | 970426e19040000BL |||||||||||||||||por|d | ||
| 082 | 0 | 4 | |a 345.81 |b BEN |2 21 |
| 100 | 0 | |a Bento de Faria, Antonio |e author |9 384024 | |
| 245 | 1 | 0 | |a Annotacoes theorico-praticas ao Codigo Penal do Brazil |
| 300 | |a 702 p | ||
| 942 | |c BK | ||
| 945 | |d 19970426 00:00:00 |a paguirre | ||
| 260 | |a Río de Janeiro |b Papelaria Uniao |c 1904 | ||
| 650 | 7 | |a DERECHO PENAL |2 CL-VaPUC |9 11 | |
| 650 | 0 | |a Códigos |9 352314 | |
| 650 | 0 | |a Ley penal |9 256611 | |
| 650 | 0 | |a Responsabilidad penal |9 254899 | |
| 650 | 0 | |a Delitos |9 224143 | |
| 650 | 7 | |a DELITOS CONTRA LA SEGURIDAD DEL ESTADO |2 CL-VaPUC |9 384025 | |
| 650 | 7 | |a DELITOS CONTRA EL ORDEN PUBLICO |2 CL-VaPUC |9 368510 | |
| 650 | 7 | |a DELITOS CONTRA LA FE PUBLICA |2 CL-VaPUC |9 377510 | |
| 650 | 7 | |a DELITOS CONTRA LAS PERSONAS |2 CL-VaPUC |9 256124 | |
| 651 | 0 | |a Brasil |9 267393 | |
| 583 | |a last modification |c 19970426 00:00:00 |k Rodrigo Vera | ||
| 999 | |c 258698 |d 258696 | ||
| 952 | |0 0 |1 0 |4 0 |6 345_810000000000000_BEN_1904 |7 0 |8 X |9 282968 |a BIBDER |b BIBDER |d 2019-11-19 |i 1833847 |o 345.81 BEN 1904 |p 1833847 |r 2023-01-25 |w 2019-11-19 |y BK_X |k DER | ||